00549nam a2200169Ia 4500008004100000100001500041245007700056245001500133260005900148260000900207300001200216650001800228650001500246856002600261999001900287952007300306170221s9999 xx 000 0 und d aIpek Halim aAnalysing the Effectiveness of the Personality Symbols/Icons Ipek Halim  cIpek Halim bOnline Journal of Communication and Media Technologies c2013 a33 : 11 xCommunication xMedia Arts uhttp://www.ojcmt.net/ c311100d311100 001040aCLbCLd2017-02-21l0r2017-02-21 00:00:00w2017-02-21yFOJ